Datum a čas kvízu
11.5
Celkem bodů
Celkový počet nahraných bodů na tomto kvízu bez doplňovacích otázek.
5.
Pořadí na kvízu
Konečné umístění týmu na tomto kvízu.
Zaznamenané odpovědi
| # | Otázka | Odpověď | Body | Výsledky |
|---|---|---|---|---|
| 1. | V pondělí se konal ustavující... | GEN | 0 | |
| 2. | Oblíbená turistická atrakce, 6... | v Krakově | 1 | |
| 3. | Ministerstvo kultury učinilo d... | C) česká pivní kultura | 0 | |
| 4. | Jistý internetový portál nabíz... | Seznam.cz | 0 | |
| 5. | O víkendu proběhly v Ostravě k... | (Jižní) Korea, Tomáš Berdych | 0 | |
| 6. | Začneme největšími společnými... | Poupata, Michal David | 0 | |
| 7. | Napište anglický dvouslovný ná... | step aerobic | 0 | |
| 8. | Tato cvičební metoda se snaží... | Pilates | 1 | |
| 9. | Jógu, přesněji řečeno hatha jó... | ásany | 1 | |
| 10. | Tato žena se narodila v roce 1... | Jane Fonda | 0 |